| Поле | Название | Значение |
| |
Тип записи |
a |
| |
Библиографический уровень |
m |
| 001 |
Контрольный номер |
RU\infra-m\znanium\bibl\2213704 |
| 005 |
Дата корректировки |
20260429142333.2 |
| 008 |
Кодируемые данные |
250702s2025 RU g rus u |
| 020 |
Индекс ISBN |
__ |
| a |
ISBN |
978-5-16-021098-8 |
| 020 |
Индекс ISBN |
__ |
| a |
ISBN |
978-5-16-101286-4 (электр. издание) |
| 040 |
Источник каталогиз. |
__ |
| a |
Служба первич. каталог. |
Общество с ограниченной ответственностью «ЗНАНИУМ» |
| 041 |
Код языка издания |
__ |
| a |
Код языка текста |
rus |
| 044 |
Код страны публикации |
__ |
| a |
Код страны публикации |
RU |
| 080 |
Индекс УДК |
__ |
| a |
Индекс УДК |
004.921(075.32) |
| 084 |
Индекс другой классификации/Индекс ББК |
__ |
| 2 |
Источник индекса |
rubbk |
| a |
Индекс другой классификации/Индекс ББК |
85.15я723 |
| 084 |
Индекс другой классификации/Индекс ББК |
__ |
| 2 |
Источник индекса |
okso |
| a |
Индекс другой классификации/Индекс ББК |
07.03.03 |
| 084 |
Индекс другой классификации/Индекс ББК |
__ |
| 2 |
Источник индекса |
okso |
| a |
Индекс другой классификации/Индекс ББК |
09.03.01 |
| 084 |
Индекс другой классификации/Индекс ББК |
__ |
| 2 |
Источник индекса |
okso |
| a |
Индекс другой классификации/Индекс ББК |
09.03.03 |
| 100 |
Автор |
__ |
| a |
Автор |
Немцова Т.И. |
| q |
Полное имя |
Немцова Тамара Игоревна |
| u |
Дополнение |
ООО "ИННОВАЦИЯ" структурное подразделение "Центр Компьютерного Обучения и Дополнительного Образовани |
| 245 |
Заглавие |
__ |
| a |
Заглавие |
Компьютерная графика и web-дизайн |
| b |
Продолж. заглавия |
Учебное пособие |
| c |
Ответственность |
ООО "ИННОВАЦИЯ" структурное подразделение "Центр Компьютерного Обучения и Дополнительного Образовани; ООО "ИННОВАЦИЯ" структурное подразделение "Центр Компьютерного Обучения и Дополнительного Образовани |
| 250 |
Сведения об издании |
__ |
| a |
Основные сведения об издании |
1 |
| 260 |
Выходные данные |
__ |
| a |
Место издания |
Москва |
| b |
Издательство |
ООО "Научно-издательский центр ИНФРА-М" |
| c |
Дата издания |
2026 |
| 300 |
Физическое описание |
__ |
| a |
Объем |
400 с. |
| 440 |
Серия |
__ |
| a |
Серия |
Высшее образование |
| 520 |
Аннотация |
__ |
| a |
Аннотация |
Учебное пособие «Компьютерная графика и web-дизайн» посвящено работе с компьютерной графикой включая создание анимации а также основам web-дизайна. Книга знакомит с работой в следующих программах: Adobe Photoshop CS5 Adobe Flash CS5 а также c созданием web-страниц с помощью программы Блокнот. Предложен теоретический и практический материал. В теоретической части рассматриваются различные аспекты компьютерного дизайна и современные подходы к созданию web-страниц. В практической части описываются основные приемы работы в изучаемой программной среде и задания с подробными инструкциями по выполнению. Дополнительные материалы иллюстрирующие теоретическую часть учебника и материалы необходимые для выполнения практических заданий представлены в электронно-библиотечной системе Znanium.com. Пособие предназначено для студентов изучающих дисциплину «Информатика» преподавателей слушателей курсов повышения квалификации а также для широкого круга пользователей персональных компьютеров самостоятельно изучающих программные продукты. |
| 521 |
Примеч. о цел. назн. |
__ |
| a |
Примеч. о целев. назн. |
ВО - Бакалавриат |
| 650 |
Тематические рубрики |
__ |
| a |
Основная рубрика |
Информатика. Вычислительная техника |
| x |
Основная подрубрика |
Общая информатика |
| 655 |
Указ. предметных рубрик (устаревшее) |
__ |
| a |
Жанр/ форма (устаревшее) |
Учебное пособие |
| 700 |
Другие авторы |
__ |
| a |
Другие авторы |
Казанкова Т. В. |
| q |
Полное имя |
Казанкова Татьяна Вячеславовна |
| 700 |
Другие авторы |
__ |
| a |
Другие авторы |
Шнякин А. В. |
| q |
Полное имя |
Шнякин Алексей Владимирович |
| 700 |
Другие авторы |
__ |
| a |
Другие авторы |
Гагарина Л.Г. |
| q |
Полное имя |
Гагарина Лариса Геннадьевна |
| u |
Дополнение |
Московский институт электронной техники |
| 856 |
Электронный адрес документа |
4_ |
| a |
Имя сервера/домена |
znanium.ru |
| m |
Помощь |
ebs_support@infra-m.ru |
| n |
Местонахождение сервера |
НИЦ ИНФРА-М |
| u |
URL |
https://znanium.ru/catalog/document?id=465919 |
| 856 |
Электронный адрес документа |
48 |
| a |
Имя сервера/домена |
znanium.ru |
| d |
Путь |
/cover/2213 |
| f |
Электронное имя |
2213704.jpg |
| q |
Тип электронного формата |
image/jpeg |
| u |
URL |
https://znanium.ru/cover/2213/2213704.jpg |
| 911 |
|
__ |
| u |
|
0030=https://znanium.ru/catalog/document?id=465919 |
| 911 |
|
__ |
| u |
|
712a=ООО "ИННОВАЦИЯ" структурное подразделение "Центр Компьютерного Обучения и Дополнительного Образовани |